[Event "St Petersburg-ch 73rd"]
[Site "St Petersburg"]
[Date "2000.04.07"]
[Round "5"]
[White "Lugovoi, Aleksei"]
[Black "Aseev, Konstantin N"]
[Result "1/2-1/2"]
[WhiteElo "2515"]
[BlackElo "2517"]
[Annotator "Donev,I"]
[PlyCount "43"]
[EventDate "2000.04.03"]
[EventType "tourn"]
[EventRounds "11"]
[EventCountry "RUS"]
[EventCategory "11"]
[SourceTitle "CBM 077"]
[Source "ChessBase"]
[SourceDate "2000.07.27"]
[SourceVersion "1"]
[SourceVersionDate "2000.07.27"]
[SourceQuality "1"]

1. d4 Nf6 2. c4 e6 3. Nc3 d5 4. Nf3 Be7 5. Bg5 h6 6. Bh4 O-O 7. e3 b6 {Das
Tartakower-System sprießt als immergrüner Seitentrieb im Variantengeäst des
Damengambits. Ich möchte nur die Leser, die dieser Variante lernen möchten,
daran erinnern, dass auch manche WM-Kämpfe von dieser Eröffnung beherrscht
waren: von Karpov-Kortschnoj (Bagiu 1978 und Meran 1981) über Karpov-Kasparov 
(Moskau 1984/85) bis Karpov-Kasparov (Sevilla 1987).} 8. Bd3 {Mit der
elastischen Fortsetzung 8. Bd3 lässt Weiß den Standort von Dame und Turm a1
noch offen.} Bb7 9. O-O Nbd7 {Sinn des letzten Zuges ist, dass Schwarz im
Falle von Bxf6 dann mit dem Springer zurückschlagen kann.} 10. Qe2 {Die
Hauptfortsetzung in dieser Stellung ist 11...c7-c5, die zu einer komplizierten
Mittelspielstellung führt.} dxc4 {[%cal Yb7f3] Öffnet die große Diagonale für
den schwarzen Damenläufer} 11. Bxc4 Ne4 12. Bxe7 (12. Bg3 Nxg3 13. hxg3 a6 {
nebst b5 oder c7-c5 führt auch zum Ausgleich.}) 12... Qxe7 {Mit dem Abtausch
der schwarzfarbigen Läufer ist die schwarze Stellung leichter geworden. Jetzt
steht die schwarze Dame bequem auf e7 und das Feld d8 ist gleichzeitig für den
schwarzen Turm geräumt.} ({Zum schnellem Remis führt.} 12... Nxc3 13. Bxd8
Nxe2+ 14. Bxe2 Rfxd8 15. Rfd1 {1/2-1/2 Rukavina,J-Kurajica,B/JUG-ch 1984/MCL 
(15)}) 13. Bd3 {Wie die Praxis gezeigt hat, führen auch die anderen weißen
Fortsetzungen 13.Rac1 und 13.Ba6 nur zum Ausgleich:} (13. Rac1 Nxc3 14. Rxc3 c5
15. Bb5 (15. Rd1 cxd4 16. Nxd4 {1/2-1/2 Lengyel,L-Portisch,F/HUN-ch 1986/EXT
97 (16)}) 15... e5 16. Rd1 {1/2-1/2 Tal,M-Spassky,B/Reykjavik 1988/CBM 10 (16)}
) (13. Ba6 Nxc3 14. bxc3 Bxa6 15. Qxa6 c5 (15... c5) 16. a4 Rfe8 17. a5 Qd8 18.
h3 {1/2-1/2 Spassky,B-Andersson,U/Bugojno 1984/MCD (18)}) 13... Nef6 (13...
Nxc3 14. bxc3 e5 15. Bc2 c5 16. Rad1 exd4 17. cxd4 Nf6 18. dxc5 Qxc5 19. Rc1
Qh5 20. Bb3 Ng4 21. h3 Ne5 22. Nd4 Qxe2 23. Nxe2 $11 {1/2-1/2 Hladik,L-Riska,L/
Stary Smokovec 1996/EXT 98 (74)}) 14. e4 {Das weiße Zentrum muss sofort
untergraben werden.} c5 15. Rad1 cxd4 16. Nxd4 Nc5 (16... Ne5) 17. e5 Nd5 18.
Nxd5 Bxd5 $11 {[%cal Yd5a2] Es währe ein Fehler mit den Bauern auf d5 (18...
Pxd5?) zu schlagen, weil der Isolani den starken Läufer b7 einsperrt.} 19. Bb1
{Bereitet im günstigen Moment die Überführung der Dame auf die b1-h7 Diagonale
vor.} Rfd8 (19... Qb7 {[%cal Yb7d5,Yd5g2]} 20. Qg4) 20. f4 {/\f5} g6 21. b3 Bb7
22. Qe3 $11 {Nach 22...Rac8 oder 22...Rd7 nebst Rad8 ist die Stellung voll
ausgeglichen.} 1/2-1/2

[Event "Lee Cup 4th"]
[Site "Beijing"]
[Date "1997.08.27"]
[Round "4"]
[White "Zhang, Weida"]
[Black "Lioe, Dede"]
[Result "1-0"]
[WhiteElo "2335"]
[BlackElo "2400"]
[Annotator "Donev,I"]
[PlyCount "105"]
[EventDate "1997.08.23"]
[EventType "swiss"]
[EventRounds "11"]
[EventCountry "CHN"]
[SourceTitle "CBM 061"]
[Source "ChessBase"]
[SourceDate "1997.11.23"]
[SourceVersion "1"]
[SourceVersionDate "1997.11.23"]
[SourceQuality "1"]

1. Nf3 {Baburin,A} Nf6 2. d4 d5 3. c4 e6 4. Nc3 Be7 5. cxd5 exd5 6. Bg5 h6 7.
Bh4 O-O 8. e3 b6 9. Bd3 Bb7 10. Bxf6 Bxf6 11. Qb3 {Baburin: In positions like
this, White usually tries to prevent ...c5 or at least to make it as difficult
to play as possible. However, it must be said, that White's bishop is not well
placed on e2, because it obstructs the d-file and can be attacked by Black.} (
11. b4 {Baburin,A} c5 12. bxc5 bxc5 13. Rb1 cxd4 14. Nxd4 Bxd4 15. exd4 Re8+
16. Ne2 Ba6 17. O-O {1/2-1/2 Hertneck,G-Lutz,C/BL9596 1996/BL 90}) 11... c5 12.
Be2 (12. dxc5 Nd7 13. cxb6 (13. c6 Bxc6 14. O-O Nc5 15. Qd1 Bxc3 (15... Ne4 {
Baburin,A} 16. Bxe4 dxe4 17. Nd4 Bxd4 18. exd4 Bd5 $15 {Fedorowicz-Cicak, 1989/
BL.}) 16. bxc3 Ba4 17. Qe2 $11) 13... Nc5 14. Qc2 Qxb6 15. Be2 d4 16. Nxd4 Bxd4
17. exd4 Ne6 $44) 12... c4 13. Qc2 a6 ({Black could also play} 13... Re8 {
Baburin,A} 14. O-O g6 {but he must be aware of the plan beginning with} 15. b3
$5) 14. O-O Nc6 15. Rad1 b5 16. a3 Re8 17. Qf5 Ne7 18. Qh5 Ng6 19. Ne1 Qd7 20.
Bg4 Qc6 21. Nc2 {Bei dieser Bauernstruktur muß der Nachziehende versuchen
seine Bauernmehrheit am Damenflügel in Bewegung zu setzen. Im Gegensatz dazu
muß Weiß den Durchbruch im Zentrum e3-e4 vorbereiten.} a5 22. Bf3 Rad8 23. g3
Nf8 24. Rfe1 Bg5 (24... Ne6 25. Bg2 (25. e4 Qb6 26. e5 Be7 27. Qf5 Ng5 28. Bg2
b4 $15) 25... Qd7 26. e4 dxe4 27. Qxb5 Qxb5 28. Nxb5 Bc6 $17 {[%cal Yc6b5,
Ye6d4,Yf6d4,Yd8d4]}) (24... Qd7 25. e4 (25. Bg4 Qc6 26. Bf3 Ne6 27. e4 Qb6 28.
e5 Bg5 $15)) 25. Bg2 Nh7 26. Qe2 Be7 27. e4 dxe4 28. Bxe4 Qd7 29. h4 $2 {
[%cal Ye8e2]} (29. Bxh7+ $142 Kxh7 30. Ne3) (29. Bxb7 Qxb7 30. Qe4 Qd7 $1 $17)
{[%tqu "De","Wie kann Schwarz der Röntgen Te8 - De2 ausnützen?","Wie kann
Schwarz die e-Linie schnell offnen?","","b7e4","",3]} 29... Ba6 $2 (29... Bxe4
$142 $1 30. Nxe4 (30. Qxe4 Bxa3 $19) 30... f5 $1 31. Nc3 Bxa3 $19 (31... Bxh4
$17)) 30. Qf3 Rc8 (30... Bf6 31. Bc6 Rxe1+ 32. Rxe1 Qa7 33. Bxb5 $16) 31. Bf5
$18 Qa7 32. Bxh7+ (32. Bxc8 Rxc8 33. Ne3 $18) 32... Kxh7 33. Qxf7 Bc5 34. Qf5+
g6 35. Qg4 h5 36. Qf4 Rf8 37. Qe5 Rfe8 38. Qd5 Red8 39. Qg5 Bf8 $2 (39... Bd6
$142 40. Re6 Qf7 $16) 40. Ne4 (40. Re6 $142 $1 {[%cal Ye6a6,Ye6g6]} Qf7 {
Hätte das Spiel sofort entschieden.} 41. Rxa6 $18) 40... Qg7 41. Nf6+ Kh8 42.
Re6 Rd6 43. Rxd6 Bxd6 44. Re1 Bf8 45. Re6 Bb7 46. d5 $2 $16 (46. Ne8 $1 Qf7 (
46... Qh6 47. Qe5+ Bg7 (47... Kg8 48. Nf6+ Kf7 49. Ne3 $18) 48. Nxg7 Qxg7 49.
Qxg7+ Kxg7 50. Re7+ $18 {[%cal Ye7g7,Ye7b7]}) 47. Qe5+ Kh7 48. Nf6+ Kh8 (48...
Kg7 49. Nxh5+ Kh7 50. Nf4) (48... Kh6 49. Qg5+ Kg7 50. Nxh5+ $18) 49. Nxh5+ $18
) 46... b4 47. axb4 axb4 48. Ne8 Rxe8 49. Rxe8 Kh7 50. Qf4 b3 51. Nd4 c3 52.
Ne6 cxb2 53. Nxf8+ 1-0

[Event "Yopal"]
[Site "Yopal"]
[Date "1997.06.26"]
[Round "6"]
[White "Gamboa, Nelson"]
[Black "Arencibia Rodriguez, Walter"]
[Result "1/2-1/2"]
[WhiteElo "2415"]
[BlackElo "2560"]
[Annotator "Donev,I"]
[PlyCount "127"]
[EventDate "1997.06.20"]
[EventType "tourn"]
[EventRounds "9"]
[EventCountry "COL"]
[EventCategory "12"]
[SourceTitle "CBM 060"]
[Source "ChessBase"]
[SourceDate "1997.09.29"]
[SourceVersion "1"]
[SourceVersionDate "1997.09.29"]
[SourceQuality "1"]

1. d4 d5 2. c4 e6 3. Nc3 Nf6 4. Bg5 Be7 5. e3 O-O 6. Qc2 h6 7. Bh4 b6 8. Nf3
Bb7 9. Bxf6 Bxf6 10. cxd5 exd5 (10... Bxd5 11. Nxd5 Qxd5 12. Bd3 {[%cal Yd3e4,
Ye4a8] Diese Stellung ist unerfreulich für Schwarz.}) 11. Be2 (11. Rd1 Nd7 12.
Qb3 (12. Be2 Re8 $13 (12... Be7 $6 13. Ne5 {Mit feinem Druckspiel für Weiß}))
12... c6 13. Bd3 Be7 14. O-O Nf6 15. Ne5 Bd6 $10) 11... c5 12. Rd1 (12. O-O Nd7
13. Rfd1 Rc8 14. Rac1 Qe7 15. dxc5 Bxc3 16. Qxc3 bxc5 $13) (12. dxc5 bxc5 13.
O-O Qe7 14. Rfd1 Rd8 15. Rac1 d4 $1 16. exd4 cxd4 17. Na4 Na6 $15 {Rossi,
G-Campora,D/Mendrisio op 1988/EXT 88op (43)}) 12... Qc7 (12... cxd4 13. Nxd4
Bxd4 14. Rxd4 Nc6 $1 $11) 13. dxc5 Qxc5 $1 (13... Bxc3+ 14. Qxc3 bxc5 15. b4 $1
$14) 14. Nd4 Nc6 $1 {Mit seinen letzten zwei Zügen hat der Nachziehende das
Spiel voll ausgeglichen. Mit seinen letzten beiden Zügen hat der Nachziehende
voll Ausgleich erreicht.} 15. Qd2 Nxd4 16. exd4 Qd6 17. O-O a6 18. Bf3 Rac8 19.
Ne2 Bc6 20. Ng3 Bg5 21. Nf5 Qd8 22. Ne3 Re8 23. Rfe1 g6 24. Rc1 Qd6 25. g3 h5
26. Rc3 Bd7 27. Rxc8 Rxc8 28. Qd3 {[%csl Rd5][%cal Ye3d5,Yf3d5]} Qb4 29. Rd1 (
29. Rb1 Bb5 30. Qd1 Bxe3 31. fxe3 $11) 29... Qxb2 30. Bxd5 Kg7 31. Nc4 Qb5 32.
Qf3 Rf8 33. Ne5 Bg4 (33... Bf5) 34. Nxg4 hxg4 35. Qb3 Qd7 36. Bg2 b5 37. Qa3
Qe6 38. d5 Qe2 39. Qb3 Rb8 40. Bf1 Qe7 41. a4 b4 42. d6 Qb7 43. d7 Rd8 44. Qd5
Qxd5 45. Rxd5 b3 46. Bxa6 (46. Rxg5 $2 b2 47. Bd3 Rxd7 48. Bc2 f5 $1 $19) 46...
b2 47. Bd3 $16 Be7 48. Bb1 Bc5 49. Kg2 Ba7 50. Rd1 Kf6 51. Be4 Ke5 52. Bc6 Bb6
53. f4+ $2 {[%csl Re3] Schwächt den Punkt e3. So bekommt der Nachziehende die
Möglichkeit zu Be3, mit der Idee Bc1.} Ke6 54. Bb5 f5 55. h3 gxh3+ 56. Kxh3 Be3
$1 57. Bc4+ Ke7 58. Kg2 (58. Rb1 Bc1 59. Bb5) 58... Rxd7 59. Re1 Kd8 60. Ba2
Rd3 61. Bb1 Rc3 62. Rd1+ Kc7 63. Rd3 Rxd3 64. Bxd3 1/2-1/2

[Event "Pamplona"]
[Site "Pamplona"]
[Date "1999.12.31"]
[Round "5"]
[White "Illescas Cordoba, Miguel"]
[Black "Short, Nigel D"]
[Result "0-1"]
[WhiteElo "2600"]
[BlackElo "2675"]
[Annotator "Donev,I"]
[PlyCount "60"]
[EventDate "1999.12.27"]
[EventType "tourn"]
[EventRounds "9"]
[EventCountry "ESP"]
[EventCategory "15"]
[SourceTitle "CBM 075"]
[Source "ChessBase"]
[SourceDate "2000.04.05"]
[SourceVersion "1"]
[SourceVersionDate "2000.04.05"]
[SourceQuality "1"]

{[%mdl 1]} 1. Nf3 d5 2. d4 Nf6 3. c4 e6 4. Nc3 Be7 5. Bg5 h6 6. Bh4 O-O 7. e3
b6 8. Be2 Bb7 9. Bxf6 Bxf6 10. cxd5 exd5 11. O-O Qe7 12. Qb3 Rd8 13. Rfd1 {
Um den Standard-Befreiungsvorstoß c5 zu stören, entwickelt der spanische
Großmeister seine Türme auf die d- und c-Linie.} c6 14. Bf1 (14. Rd2 Nd7 15.
Rc1 Nf8 16. a3 Ne6 17. Qa4 c5 18. Ba6 cxd4 19. Nxd4 $2 (19. exd4 $142 $11 {
Donev}) 19... Nc5 $19 {[%cal Yc5a4,Yc5a6]} 20. Bxb7 Nxa4 21. Bxa8 Nxc3 22. Nc6
Qc5 {0-1 Derichs,R-Ginsburg,G/Germany 1996/GER-chT2 (22)}) 14... Na6 (14... Bc8
15. g3 Bg4 16. Bg2 Nd7 17. Rac1 Rac8 18. Ne2 Nf8 19. h3 Bf5 20. Nf4 g6 21. Qa4
Bg7 22. b4 b5 23. Qa6 Qxb4 24. Rxc6 Rxc6 25. Qxc6 Qa4 26. Ra1 Qc4 27. Qa6 Rd7
28. Nd2 Qb4 29. Nb3 Be4 30. Rc1 g5 31. Nh5 Ne6 32. Bxe4 dxe4 33. Kg2 Qa4 34.
Rc8+ Nf8 35. Rxf8+ Bxf8 36. Nf6+ Kg7 37. Qxa4 bxa4 38. Nxd7 axb3 39. axb3 Bd6
40. g4 Kg6 41. f3 exf3+ 42. Kxf3 f5 43. e4 fxe4+ 44. Kxe4 Kf7 45. Kd5 Bg3 46.
Kc6 Ke7 47. d5 {1-0 Piket,J-Beliavsky,A/Bugojno 1999/CBM 74 no vc (47)}) 15.
Rd2 Nc7 16. a4 Ne6 17. a5 b5 18. Qa2 a6 19. Rc1 $6 (19. Rad1 $142 c5 20. dxc5
Bxc3 (20... Qxc5 21. Nxd5 Bxb2 $1 22. Qxb2 (22. Nb6 Bc3 $1 $15) 22... Rxd5 $11)
21. bxc3 Nxc5 $15) 19... c5 $1 {Ab diesem Moment spielt Short ausgezeichnet!
Selbstverständlich will er die Stellung öffnen, um die Stärke seines
Läuferpaars zu zeigen.} 20. dxc5 d4 $1 {Mit seinen letzten 2 Zügen hat der
Nachziehende die große Diagonale h1-a8 geöffnet und, wie wir später sehen
werden, der Bb7 wird für den schwarzen Angriff eine entscheidende Rolle
spielen.} 21. Nxd4 Bxd4 22. exd4 Nxd4 23. Kh1 {[%tqu "De","Wie würden Sie den
schwarzen Angriff beginnen?","","","d4f3","Fast alle weiße Figuren sind weit
weg von dem weißen König entfern. Das ist ein Grund für eine erfolgreichen
Figuren - angriffen, die besser stehenden schwarze Figuren gegen die weiße
Monarchen.",8]} Nf3 $1 {[%mdl 192] Fast alle weißen Figuren sind weit von dem
weißen König entfernt. Das ist ein Erfolgsgeheimnis für einen erfolgreichen
Figurenangriff - die besser stehenden schwarzen Figuren gegen den weißen
Monarchen.} 24. Rxd8+ ({Schwarz hätte auch nach:} 24. Rdd1 Qg5 $1 {/\Nd2 oder
Qf4} 25. Ne2 Qh4 {[%cal Yh4h2,Yf3h2]} 26. h3 Rxd1 27. Rxd1 Qxf2 28. Qa3 Ne1 $3
$19 {[%cal Yb7g2,Yf2g2,Yf2f1]}) 24... Rxd8 25. c6 Bxc6 26. Ne2 {[%tqu "De",
"Wie würden Sie den schwarzen Angriff fortsetzen?","","","e7h4","Der schwarze
Angriff ist wie Feuer. Mit jeder kommende Zug steigt der Druck gegen den
weißen König an!",6]} Qh4 $1 $19 {[%cal Yh4h2,Yf3h2,Yh4f2] Der schwarze
Angriff ist wie Feuer. Mit jedem kommenden Zug steigt der Druck gegen den
weißen König an!} 27. gxf3 Qxf2 28. Nf4 Bxf3+ 29. Bg2 Rd2 30. Rg1 (30. Rc8+ Kh7
31. Qb1+ g6 32. Qg1 Rd1 $1) 30... Be4 $1 {Eine ausgezeichnete
Muster-Angriffspartie des englischen Großmeisters, die sehr wichtig für den
Anwender ist, der das Damengambit (Tartakower-Variante) spielen möchte.} 0-1

[Event "RUS-chT 05th"]
[Site "Maikop"]
[Date "1998.06.09"]
[Round "7"]
[White "Epishin, Vladimir"]
[Black "Pigusov, Evgeny"]
[Result "1/2-1/2"]
[WhiteElo "2590"]
[BlackElo "2575"]
[Annotator "Donev,I"]
[PlyCount "95"]
[EventDate "1998.06.03"]
[EventType "team-tourn"]
[EventRounds "11"]
[EventCountry "RUS"]
[SourceTitle "CBM 066"]
[Source "ChessBase"]
[SourceDate "1998.09.30"]
[SourceVersion "1"]
[SourceVersionDate "1998.09.30"]
[SourceQuality "1"]
[WhiteTeam "Sankt Petersburg"]
[BlackTeam "Noyabrsk Yamal"]
[WhiteTeamCountry "RUS"]
[BlackTeamCountry "RUS"]

1. d4 Nf6 2. c4 e6 3. Nf3 d5 4. Nc3 Be7 5. Bg5 h6 6. Bh4 O-O 7. e3 b6 8. Be2
Bb7 9. Bxf6 Bxf6 10. cxd5 exd5 11. b4 c6 12. O-O a5 {Schwarz will b4-b5
provozieren, um c6-c5 durchsetzen zu können. So kann Schwarz die Stellung
öffnen und kann das Läuferpaar zur Wirkung bringen.} 13. bxa5 Rxa5 14. Re1 $146
(14. a4 c5 15. Qb3 c4 16. Qb2 Nd7 17. Rfb1 Bc6 18. Ne1 Be7 19. Nc2 Qa8 20. Bf3
Rb8 21. Nb4 Bxb4 22. Qxb4 Nf6 23. Ra2 Qb7 24. Qd6 Rba8 25. Rab2 Qd7 26. Qxd7
Bxd7 27. Rxb6 Bxa4 28. Rb8+ Rxb8 29. Rxb8+ Be8 30. Kf1 Kf8 31. Ke2 Ke7 32. Kd2
Bc6 33. Kc2 h5 34. h3 Bd7 35. Rb7 Kd8 36. Kb2 g5 37. Bd1 h4 38. f3 Kc8 39. Rb6
Be6 40. Rb4 Kd8 {1/2-1/2 Lukacs,P-Abramovic,B/Belgrade 1984/MCL 04}) 14... Bc8
{Der Läufer steht schlecht auf b7, darum geht er auf das Feld e6, wo er
bessere Möglichkeiten hat.} 15. Rc1 Be6 16. h3 Nd7 17. a4 Be7 18. Rb1 Bd6 19.
e4 dxe4 20. Nxe4 Bc7 21. Qc2 Qa8 {Hier steht die Dame perfekt. Einerseits übt
sie Druck gegen den schwachen a4-Bauern aus, andererseits deckt sie die
Schwäche auf c6 ab, außerdem räumt sie das Feld für den Königsturm. Was will
man noch mehr erwarten von einem Zug?} 22. Nc3 Nf6 23. Bd3 (23. Ne5 Rb8 (23...
Nd5 24. Bf3 Bxe5 25. dxe5 Rb8) 24. Bf3) 23... Rd8 24. Rbd1 Qc8 {Alle schwarzen
Figuren sind auf den weißen Königsflügel gerichtet. Die Hauptdrohung ist Lxh3
nebst starkem Angriff.} 25. Bf1 Bd6 {mit der Idee Lb4.} 26. Qb2 Nd5 27. Rc1 (
27. Nxd5 Bxd5 28. Qxb6 Bc7 29. Qb4 Bxf3 30. gxf3 Rg5+ 31. Kh1 Qf5 $1 $19) 27...
Nxc3 28. Rxc3 Rxa4 29. Qxb6 Bd5 30. Rce3 Qb8 (30... Bxf3 31. Rxf3 Rxd4 32. Qb3
Rf4 33. Rxf4 Bxf4 34. Re7 Qf5 35. Bc4 Rb8 36. Rxf7 (36. Rb7 Rxb7 37. Qxb7)
36... Qb1+ $19) 31. Qxb8 Rxb8 32. Bd3 (32. Rd1 Rbb4 33. Re8+ Kh7 (33... Bf8 34.
Ne5 f6 35. Nd7 Kf7 36. Rxf8+ Ke7 37. Rh8 (37. Nc5 Kxf8 38. Nxa4 Rxa4) 37...
Kxd7 38. Rh7 Rxd4 39. Rxd4 Rxd4 40. Rxg7+ Ke6 $13) 34. Bd3+ g6 35. Be4 $11)
32... Bxf3 33. Rxf3 Rxd4 34. g3 c5 35. Re4 Rxe4 36. Bxe4 Re8 37. Bd5 Re7 38.
Kg2 Kf8 39. Rd3 g6 40. Kf3 (40. Bxf7 Bxg3 (40... Kxf7 41. Rxd6 Rc7 42. Rd3 c4
43. Rc3 Ke6 44. Kf3 Kd5 45. Ke3 $15) 41. Bxg6) 40... Kg7 41. Rb3 Re5 42. Bc4
Re7 43. Bd5 h5 44. Rb7 {Wenn schwarz die Türme tauscht, ist die Stellung
natürlich klar Remis.} Bc7 45. Rb5 Re5 46. Bc4 (46. Rxc5 Bb6 47. Rc6 Rf5+ 48.
Ke4 Bxf2 49. g4 hxg4 50. hxg4 Rf6 51. Rxf6 Kxf6 $11) 46... g5 47. Rb3 Re1 48.
Rd3 1/2-1/2

[Event "EuroTel Trophy"]
[Site "Prague"]
[Date "1998.09.10"]
[Round "4"]
[White "Timman, Jan H"]
[Black "Kasparov, Garry"]
[Result "1/2-1/2"]
[WhiteElo "2655"]
[BlackElo "2815"]
[Annotator "Donev,I"]
[PlyCount "80"]
[EventDate "1998.09.06"]
[EventType "match"]
[EventRounds "6"]
[EventCountry "CZE"]
[SourceTitle "CBM 067"]
[Source "ChessBase"]
[SourceDate "1998.11.30"]
[SourceVersion "2"]
[SourceVersionDate "1998.11.01"]
[SourceQuality "1"]

1. d4 Nf6 2. c4 e6 3. Nf3 d5 4. Nc3 Be7 5. Bg5 O-O 6. e3 h6 7. Bh4 b6 8. Be2
Bb7 9. Bxf6 {Was für eine Idee hat der Abtausch auf f6 im 9.Zug? Freiwilig
abgegeben das Läuferpaar, will der Anziehende der Zug c7-c5(oder c6-c5)
erschweren und selber angreifen durch entweder den Minderheits- Angriff am
Damenflügel, oder im günstigen Moment durch den Durchbruch im Zentrum e3-e4.}
Bxf6 10. cxd5 exd5 11. O-O Nd7 12. b4 c5 {Wie bekannt ist, liebt der
Weltmeister scharfe Stellungen. Darum ist es für mich selbstverständlich, dass
er das zweischneidige c5 anstatt dem positionellen 12...c6 wählt.} 13. bxc5
bxc5 14. Rb1 Bc6 15. Bb5 Qc7 16. Qd3 Rfc8 17. Rfd1 ({In Sevilla 1987 versuchte
Karpov} 17. Rfc1 {aber nach} Rab8 $11 {glich Kasparov aus.}) 17... Rab8 $146
18. a4 cxd4 $1 19. Nxd4 Nc5 20. Qf5 Bxd4 21. exd4 g6 $1 22. Qf3 $1 (22. Qh3 $2
Nxa4 $1 23. Bxa4 Rxb1 24. Rxb1 Bxa4 25. Rc1 Kg7 $17) (22. Nxd5 Bxd5 23. Qxd5
Nxa4 $1 24. Qf3 (24. Bxa4 Rxb1 25. Rxb1 Qc1+ $19) 24... Nc3 25. Rdc1 a6 $1 $19)
22... Ne4 23. Nxe4 dxe4 24. Qe3 Qd7 $11 25. d5 (25. Qxh6 Bxb5 26. axb5 Rxb5 27.
Rxb5 Qxb5 $11) (25. Bxc6 Qxc6 26. Qxh6 Rxb1 27. Rxb1 Qxa4 $11) 25... Bxb5 26.
axb5 Rxb5 27. Rxb5 Qxb5 28. h4 $2 {Dieser Gewinnversuch bringt Weiß in
Schwierigkeiten.} (28. Qxe4 Re8 29. Qd4 $14 {/\d6}) (28. Qxh6 Rc3 29. Qf4 Rd3
$1 {hält Schwarz den d5 - Freibauern unter Kontrolle.}) 28... Qa4 $1 $15 {
Das hatte Weiß übersehen.} 29. Re1 Rd8 30. h5 g5 31. Qc5 Qa2 32. Rd1 Qe2 33.
Qd4 Rb8 (33... Qxh5) 34. Qd2 $8 {Das ist praktisch der einzige gangbare Weg.
Das Turmendspiel ist bei genauer Verteidigung des Weißen offensichtlich nicht
mehr zu gewinnen.} (34. d6 e3 $1 {Die Idee dieses Zuges ist nach fxe3 die 2
Reihe abzuschwächen, außerdem ist der Zug Qe3 unmöglich weil die Dame denn
Turm d1 decken muß.} 35. fxe3 (35. d7 exf2+ 36. Kh2 f1=Q $19) 35... Rb2 36. Qd5
Qxe3+ 37. Kh2 Rb4 38. g3 Rb2+ 39. Kh3 Qe2 {nebst tödlichem Königsangriff.})
34... Qxd2 35. Rxd2 Ra8 $2 (35... a5 $142 $5 36. d6 Kf8 {nebst Ra8 und gute
Gewinnchancen des Nachziehenden.}) 36. Rd4 f5 (36... a5 37. Rxe4 a4 38. d6 a3
39. d7 {/\Re8} Kf8 40. Ra4 $1 Rd8 41. Ra7 a2 $11 {nebst klarem Remis.}) 37. g4
$1 Kf7 38. gxf5 Kf6 39. Rxe4 Kxf5 40. Re7 a5 (40... a5 41. d6 Kf6 (41... a4 42.
d7 Rd8 43. Rh7 $1) 42. Rc7 $1 a4 43. d7 {/\44.Rc8}) 1/2-1/2

[Event "New York op"]
[Site "New York"]
[Date "1998.03.19"]
[Round "6"]
[White "Yermolinsky, Alex"]
[Black "Anastasian, Ashot"]
[Result "1/2-1/2"]
[WhiteElo "2660"]
[BlackElo "2540"]
[Annotator "Donev,I"]
[PlyCount "39"]
[EventDate "1998.03.16"]
[EventType "swiss"]
[EventRounds "9"]
[EventCountry "USA"]
[SourceTitle "CBM 064"]
[Source "ChessBase"]
[SourceDate "1998.06.02"]
[SourceVersion "1"]
[SourceVersionDate "1998.06.02"]
[SourceQuality "1"]

1. d4 d5 2. c4 e6 3. Nc3 Nf6 4. Bg5 Be7 5. e3 h6 6. Bh4 O-O 7. Nf3 b6 8. Bd3
Bb7 9. O-O Nbd7 10. Bg3 Bd6 (10... dxc4 11. Bxc4 c5 12. Qe2 a6 13. a4 cxd4 14.
exd4 Bb4 15. Rac1 Bxc3 16. bxc3 Ne4 17. Bh4 Qc7 18. Bd3 Qc6 19. c4 Rfe8 20.
Rfe1 Ng5 21. Bxg5 hxg5 22. d5 exd5 23. Qxe8+ Rxe8 24. Rxe8+ Nf8 25. Re7 Bc8 26.
Rxf7 Qc5 27. Nxg5 Qa3 28. Rd1 Bg4 29. f3 Qb3 30. Rd2 Bh5 31. Rf4 Qc3 32. Rd1
Bg6 33. Bxg6 Qe3+ 34. Kf1 Qxf4 35. Bf7+ {Mikhalchishin,A-Ivanchuk,V/Lvov URS
sf(9) 1987/1/2-1/2 (58)}) 11. cxd5 (11. Rc1 Bxg3 12. hxg3 c5 13. Qe2 a6 14. a4
Ne4 15. Rfd1 Qe7 16. Bb1 Rfd8 17. cxd5 {1/2-1/2 Mikhalchishin,A-Diaz,J/
Tirnavia-B 1988/EXT 88}) 11... Nxd5 12. Nxd5 (12. e4 Nxc3 13. bxc3 Bxg3 14.
fxg3 e5 15. Qe2 Qe7 16. Nh4 g6 17. Bc4 Kh7 (17... Qg5 18. Rf3 exd4 19. cxd4
Rae8 20. Rf4 Bd5 21. Raf1 Re7 22. e5 Bxc4 23. Qxc4 Qh5 24. Qxc7 Rfe8 25. Qc4 g5
26. Rxf7 {1-0 Novikov,I-Doroshkievich,V/RUS-Cup1 Chigorin mem 1996/EXP 56}) 18.
d5 Nc5 19. Rf2 Rad8 20. Raf1 Rd6 21. Nf3 f6 22. Bb3 Ba6 23. c4 Bc8 24. h3 Bd7
25. Qd3 Be8 26. Bc2 Kg7 27. g4 g5 28. Nd2 Rd8 29. Rf3 Nb7 30. R1f2 Qc5 31. Qc3
Nd6 32. Qa3 Qxa3 33. Rxa3 a5 34. Ba4 Bg6 35. Re2 Nb7 36. Rae3 Nc5 37. Bb5 a4
38. Nb1 Ra8 39. Nc3 Ra5 40. Rb2 a3 41. Rb4 Kf7 42. Bc6 Ke7 43. Kf2 Be8 44. Bxe8
Rxe8 45. Rf3 Nb7 46. Ke3 Nd6 47. Kd3 Rea8 48. Rf1 Rc5 49. Rfb1 Rh8 50. Nb5 h5
51. Nxd6 Kxd6 52. Rf1 Ke7 53. gxh5 Rxh5 54. Ra4 g4 55. Rh1 f5 56. exf5 Rxf5 57.
hxg4 Rf2 {1/2-1/2 Novikov,I-Dutreeuw,M/Forli op 1991/EXT 91op}) 12... Bxg3 13.
hxg3 Bxd5 14. Qa4 a6 {vermeidet Ba6.} (14... c5 15. Bb5 Nf6 16. dxc5 bxc5 $14)
15. b4 c5 $1 {Es ist wichtig für den Nachziehenden, sich rechtzeitig von dem
rückständigen Pc7 zu befreien. So kommt er zu Ausgleich.} (15... a5 16. b5 Bxf3
(16... Nc5) (16... e5) 17. gxf3 Nc5 {[%cal Yc5d3,Yc5a4]} 18. Qc2 Nxd3 19. Qxd3
Qd5 20. e4 (20. Kg2 Rfd8 $14) 20... Qd7 21. Rac1 Rfd8 22. Rfd1 $16) 16. bxc5
bxc5 17. e4 Bb7 18. Rab1 Rb8 19. Rfd1 (19. Bxa6 Nb6 20. Qa5 Bxe4 21. Rbd1 c4
$15) 19... cxd4 20. Qxd4 1/2-1/2